000 00448nam a22001817a 4500
003 CEME
005 20210628202927.0
008 210211b xxu||||| |||| 00| 0 eng d
020 _a81-7648-354-0
040 _c.
082 _a004 BAN
100 _aBansal, S.K
_914405
245 _aFundamentals of information technology
260 _aNEW DELHI
_bA P H
_c2002
300 _a500P
650 _aINFORMATION TECHNOLOGY
_920526
942 _cBK
_2ddc
999 _c571483
_d571483